00742nas a2200229Ia 4500001001600000003001000016008004100026040002500067041001300092100002100105210004000126222004000166245005000206250001100256260000900267501012300276300001500399362001700414500003200431650003800463700001100501A04/R037-48151 IT-MiCISF161014c99999999xx |||||||||||| ||und|| aIT-MiCISFcIT-MiCISF aITALIANO aSiracusano Paola aRivista di psicoterapia relazionale aRivista di psicoterapia relazionale 0aStalking: un'oscura e complessa circolarità a1a ed. c2009 bCISF - Centro Internazionale Studi Famiglia - Via Giotto, 36 20145 MILANO (non commercial uses only)cCopyright 2016 app. 87-104 an. 29 [2009] a Tema: stalking, psicologia amaltrattamenti violenzavarticolo aAA.VV.